书目信息 |
| 题名: |
Internet技术与应用
|
|
| 作者: | 何宗耀 , 闫涛 主编 | |
| 分册: | ||
| 出版信息: | 徐州 中国矿业大学出版社 2010.03 |
|
| 页数: | 262页 | |
| 开本: | 26cm | |
| 丛书名: | ||
| 单 册: | ||
| 中图分类: | TP393.4 | |
| 科图分类: | ||
| 主题词: | 计算机应用 | |
| 电子资源: | ||
| ISBN: | 978-7-5646-0426-4 | |
| 000 | 00624nam0 2200205 45 | |
| 001 | 1158941994 | |
| 005 | 20240918092354.05 | |
| 010 | @a978-7-5646-0426-4@dCNY28.00 | |
| 100 | @a20040520d2010 km y0chiy0120 ea | |
| 101 | 0 | @achi |
| 200 | 1 | @aInternet技术与应用@AInternet ji shu yu ying yong@f闫涛,何宗耀主编@Fyan tao,he zong yao zhu bian |
| 210 | @a徐州@c中国矿业大学出版社@d2010.03 | |
| 215 | @a262页@d26cm | |
| 503 | @n河南城建学院图书馆 | |
| 606 | 0 | @a计算机应用 |
| 690 | 1 | @aTP393.4@v4 |
| 701 | 0 | @a何宗耀@Ahe zong yao@4主编 |
| 701 | 0 | @a闫涛@Ayan tao@4主编 |
| 801 | 0 | @aCN@bPFT@c20201021 |
| 905 | @a10447@dTP393.4@eY031 | |
| Internet技术与应用/闫涛,何宗耀主编.-徐州:中国矿业大学出版社,2010.03 |
| 262页;26cm |
| ISBN 978-7-5646-0426-4:CNY28.00 |
| ● |
| 相关链接 |
|
|
|
正题名:Internet技术与应用
索取号:TP393.4/Y031
 
预约/预借
| 序号 | 登录号 | 条形码 | 馆藏地/架位号 | 状态 | 备注 |
| 1 | 1235553 | 212355538 | 自科库301/301自科库 134排2列6层/ [索取号:TP393.4/Y031] | 在馆 | |
| 2 | 1235943 | 212359437 | 自科二线404/404自科库 14排1列3层/ [索取号:TP393.4/Y031] | 在馆 | |
| 3 | 1238703 | 212387031 | 自科库301/301自科库 134排2列6层/ [索取号:TP393.4/Y031] | 在馆 | |
| 4 | 1349741 | 213497410 | 自科二线404/404自科库 11排1列4层/ [索取号:TP393.4/Y031] | 在馆 | |
| 5 | 1349742 | 213497429 | 自科二线404/404自科库 10排3列2层/ [索取号:TP393.4/Y031] | 在馆 | |
| 6 | 1349743 | 213497438 | 自科二线404/404自科库 10排3列3层/ [索取号:TP393.4/Y031] | 在馆 | |
| 7 | 1349744 | 213497447 | 自科库301/301自科库 134排2列6层/ [索取号:TP393.4/Y031] | 在馆 | |
| 8 | 1349745 | 213497456 | 自科二线404/404自科库 11排1列4层/ [索取号:TP393.4/Y031] | 在馆 | |
| 9 | 1349746 | 213497465 | 自科库301/301自科库 134排2列6层/ [索取号:TP393.4/Y031] | 在馆 | |
| 10 | 1349747 | 213497474 | 自科二线404/404自科库 10排4列1层/ [索取号:TP393.4/Y031] | 在馆 | |
| 11 | 1349748 | 213497483 | 自科二线404/404自科库 10排4列1层/ [索取号:TP393.4/Y031] | 在馆 | |
| 12 | 1349749 | 213497492 | 自科二线404/404自科库 10排4列1层/ [索取号:TP393.4/Y031] | 在馆 | |
| 13 | 1349750 | 213497508 | 自科二线404/404自科库 11排1列6层/ [索取号:TP393.4/Y031] | 在馆 | |
| 14 | 1349751 | 213497517 | 自科二线404/404自科库 11排4列6层/ [索取号:TP393.4/Y031] | 在馆 | |
| 15 | 1349752 | 213497526 | 自科二线404/404自科库 10排4列1层/ [索取号:TP393.4/Y031] | 在馆 | |
| 16 | 1349753 | 213497535 | 自科二线404/404自科库 14排3列2层/ [索取号:TP393.4/Y031] | 在馆 | |
| 17 | 1501574 | 215015748 | 城院文库/ [索取号:TP393.4/Y031] | 在馆 | |
| 18 | 1553001 | 215530012 | 自科库301/301自科库 134排2列6层/ [索取号:TP393.4/Y031] | 在馆 | |
| 19 | 466071 | 204660713 | 自科二线404/404自科库 13排5列2层/ [索取号:TP393.4/Y031] | 在馆 | |
| 20 | 466628 | 204666281 | 城院文库/ [索取号:TP393.4/Y031] | 在馆 | |
| 21 | 492009 | 204920096 | 自科二线404/404自科库 12排4列2层/ [索取号:TP393.4/Y031] | 在馆 |